| 000 | 01645nam a22003497a 4500 | ||
|---|---|---|---|
| 005 | 20120112152741.0 | ||
| 008 | 120112t xxu||||| |||| 00| 0 eng d | ||
| 010 | _aENG-104709 | ||
| 020 |
_a9781259004094 _c3495.00 |
||
| 020 |
_a1259004090 _c3495.00 |
||
| 035 | _aEN-88242 | ||
| 037 | _bDBAD/PUB | ||
| 040 |
_aDPL _bEng |
||
| 082 | 0 | 0 |
_a729 _221 |
| 245 | 0 | 0 |
_aTime-saver standards for interior design and space planning / _cedited by Joseph De Chiara, Julius Panero [and] Martin Zelnik |
| 250 | _a2nd ed | ||
| 260 |
_aNew Delhi _bTata McGraw-Hill _c2011 |
||
| 270 |
_a7 West Patel Nagar _bNew Delhi _e110001 |
||
| 300 |
_axix, 1689 p., [16] p. of plates : _bill. (some col.) _c29cm(Hb) |
||
| 500 | _aIncludes index | ||
| 650 | 0 |
_aInterior decoration _xStandards _vHandbooks, manuals, etc. _939093 |
|
| 650 | 0 |
_aInterior architecture _xStandards _vHandbooks, manuals, etc. _939094 |
|
| 700 | 1 |
_aDe Chiara, Joseph, _d1929- _939095 |
|
| 700 | 1 |
_aPanero, Julius. _939096 |
|
| 700 | 1 |
_aZelnik, Martin, _d1939- _939097 |
|
| 856 | 4 | 2 |
_3Contributor biographical information _uhttp://www.loc.gov/catdir/bios/mh041/2001030504.html |
| 856 | 4 | 2 |
_3Publisher description _uhttp://www.loc.gov/catdir/description/mh021/2001030504.html |
| 856 | 4 | 1 |
_3Table of contents _uhttp://www.loc.gov/catdir/toc/mh021/2001030504.html |
| 942 |
_2ddc _cEN _h729 _mTIM |
||
| 999 |
_c60806 _d60806 |
||